000 01129nam a22003497a 4500
001 0062594
003 KOHA_MİRAKIL
005 20260207004413.0
007 ta
008 180810b2017 tu a|||gr||||#||||0|tur |
020 _a9786054925957
040 _aTR-BiSEU
_btur
_cTR-BiSEU
_erda
041 0 _atur
044 _ctu
050 _aCT1906
_b.T86 2017
100 1 _aTuna, Fahri.
245 1 _aKırk güzel insan :
_bportreler/
_cFahri Tuna ; Fahri Tuna ; editör: Ayşenur Gülsüm.
250 _a2. baskı
264 1 _aİstanbul :
_bMeserret Yayınları
_c2017
300 _a207 sayfa :
_bresimli ;
_c24 cm.
336 _ametin
_btxt
_2rdacontent
337 _aaracısız
_bn
_2rdamedia
338 _acilt
_bnc
_2rdacarrier
490 1 _ayayın no: 40 ;
_vportre: 2
650 0 _aBiyografiler--(Türkiye).
_9115972
650 0 _aAydınlar--Türkiye--Biyografi.
_976441
650 0 _aTürkiye--Biyografi--21. yüzyıl.
_9115973
650 0 _aIntellectuals--Turkey--Biography.
_918680
650 0 _aTurkey--Biography--1st century.
_9115974
830 1 _ayayın no: 40 ;
_vportre: 2
_9115975
942 _2lcc
_cBK
999 _c62390
_d62390